| 000 | 00835nam a22001935i 4500 | ||
|---|---|---|---|
| 001 | 163481 | ||
| 003 | ES-MaACL | ||
| 005 | 20250720204240.0 | ||
| 008 | 990917s1891 fr |||| | fre d | ||
| 040 |
_aCAM _bspa _cCAM |
||
| 100 | 1 |
_aRicard, Joseph-Barthélemy-Honoré-Louis-Amable de (Général) _9131785 |
|
| 245 | 1 | 0 |
_aAutour des Bonaparte, fragments de mémoires, publiés par L.-Xavier de Ricard. [Rapport de M. Jean-Louis de Ricard, commissaire de la marine de France au port de Toulon.] / _cGénéral de Ricard. |
| 260 |
_aParis : _bAlbert Savine, éditeur, _c1891 ( _eEvreux : _fImprimerie de Charles Hérissay) |
||
| 300 |
_a353 p. ; _c18 cm. |
||
| 600 | 1 | 4 |
_aBonaparte (Familia) _9153955 |
| 700 | 1 |
_aRicard, Louis-Xavier de, _d1843-1911 _9131784 |
|
| 852 |
_aES-MaACL _jG-1346 _z-- Enc. pasta |
||
| 999 |
_c163481 _d163481 |
||